| 000 | 01304nam a22002657a 4500 | ||
|---|---|---|---|
| 999 |
_c128 _d128 |
||
| 003 | AR-BaISA | ||
| 005 | 20220512184237.0 | ||
| 007 | ta | ||
| 008 | 170726s2006 ag ||||| |||| 00| 0 spa d | ||
| 020 | _a9505188048 | ||
| 020 | _a9789505188048 | ||
| 040 | _cAR-BaISA | ||
| 082 | 0 | 4 |
_222 _a371.1 W285 |
| 100 | 1 | 0 |
_9292 _aWassermann, Selma |
| 245 | 1 | 3 |
_aEl estudio de casos como método de enseñanza / _cSelma Wassermann |
| 260 |
_aBuenos Aires: _bAmorrortu, _c1994 / _c2006 |
||
| 300 | _a313 p. | ||
| 490 | 1 | _aEducación. Agenda educativa | |
| 504 | _aBibliografía p: 308-313 | ||
| 505 |
_tLa enseñanza basada en el método de casos: una pedagogía de aplicación general -- _t¿Yo, un maestro de casos? -- _tLos casos como instrumentos educativos -- _tCómo escribir un caso -- _tCómo preparar a los alumnos para el aprendizaje con casos -- _tCómo prepararse para enseñar con casos -- _tCómo enseñar un caso -- _tMás allá de los casos: ampliación de la perspectiva mediante actividades de seguimiento -- _tEvaluación de la enseñanza con casos: la fijación de estándares -- _tEvaluación en la enseñanza con casos: materiales y estrategias |
||
| 650 | 1 | 4 |
_9287 _aEducación _xEstudio de casos |
| 650 | 1 | 4 |
_9294 _aEnseñanza |
| 830 |
_92187 _aEducación (Amorrortu) |
||
| 942 |
_2ddc _cLI |
||